MARC

Tag First Indicator Second Indicator Subfields
LEADER 00000cam a2200000Ia 4500
001 in00001851321
005 20220105141335.0
006 m d
007 cr cnu---unuuu
008 031113s2001 dcua sb 001 0 eng d
020 |a 0815798725 (electronic bk.) 
035 |a (OCoLC)ocm53423284 
040 |a N$T  |c N$T  |d UtOrBLW 
043 |a cl-----  |a a------ 
049 |a IICC 
050 1 4 |a HC123  |b .F56 2001eb 
082 0 4 |a 332/.095  |2 22 
245 0 0 |a Financial crises in "successful" emerging economies /  |c Ricardo Ffrench-Davis, editor. 
264 1 |a Washington, D.C. :  |b United Nations Economic Commission for Latin America and the Caribbean :  |b Brookings Institution Press,  |c [2001] 
264 4 |c ©2001 
300 |a viii, 172 pages :  |b illustrations 
336 |a text  |b txt  |2 rdacontent 
337 |a computer  |b c  |2 rdamedia 
338 |a online resource  |b cr  |2 rdacarrier 
504 |a Includes bibliographical references and index. 
505 0 |a Preface -- 1. The Globalization of financial volatility : challenges for emerging economies / Ricardo Ffrench-Davis and José Antonio Ocampo -- 2. Korea and Taiwan in the financial crisis / Manuel R. Agosin -- 3. Three varieties of capital surge management in Chile / Ricardo Ffrench-Davis and Heriberto Tapia -- 4. From the capital surge to the financial crisis and beyond : the Mexican economy in the 1990s / Jaime Ros -- 5. An international financial architecture for crisis prevention / Stephany Griffith-Jones. 
533 |a Electronic reproduction.  |b Boulder, Colo. :  |c NetLibrary,  |d 2003.  |n Available via World Wide Web.  |n Access may be limited to NetLibrary affiliated libraries. 
500 |a Electronic resource. 
651 0 |a Latin America  |x Economic conditions.  |0 http://id.loc.gov/authorities/subjects/sh85074888 
651 0 |a Asia  |x Economic conditions.  |0 http://id.loc.gov/authorities/subjects/sh85008615 
650 0 |a Financial crises  |z Latin America. 
650 0 |a Financial crises  |z Asia.  |0 http://id.loc.gov/authorities/subjects/sh2008103790 
651 4 |a Latin America  |x Economic conditions. 
651 4 |a Asia  |x Economic conditions. 
653 |a Latinoamérica  |a Condiciones económicas. 
653 |a Asia  |a Condiciones económicas 
653 |a Crisis financiera  |a Latinoamérica. 
653 |a Crisis financiera  |a Asia. 
655 7 |a Electronic books.  |2 local 
700 1 |a Ffrench-Davis, Ricardo.  |0 http://id.loc.gov/authorities/names/n81080568 
710 2 |a United Nations.  |b Economic Commission for Latin America and the Caribbean.  |0 http://id.loc.gov/authorities/names/n84098529 
710 2 |a NetLibrary, Inc.  |0 http://id.loc.gov/authorities/names/no99080690 
776 1 |c Original  |z 0815702116  |w (DLC) 2001003366  |w (OCoLC)47100963 
856 4 1 |u https://proxy.library.tamu.edu/login?url=http://www.netLibrary.com/urlapi.asp?action=summary&v=1&bookid=91913  |z Connect to the full text of this electronic book  |t 0 
994 |a 92  |b IIC 
999 |a MARS 
999 f f |s 8f0d7af7-ad97-3dd8-ab94-c01936201acf  |i 1083fdf4-4967-30cc-886e-5602e2423495  |t 0 
952 f f |a Texas A&M University  |b College Station  |c Electronic Resources  |d Available Online  |t 0  |e HC123 .F56 2001eb  |h Library of Congress classification 
998 f f |a HC123 .F56 2001eb  |t 0  |l Available Online